00832nam a22002537a 4500003000500000005001700005008004100022010001000063011001000073035001000083040000900093082001400102100003300116245004000149260006400189300000700253490003900260500003100299505016500330650001400495650001400509650001600523830003900539CHAP20220329134543.0971013c19571963 r 00010 d a22110 a23082 a27177 cCHAP a335.4bC600aCole, George Douglas Haward. aHistoria del pensamiento socialista aMéxico, D. F. :bFondo de Cultura Económica,c1957-1963 av. aSección de obras de sociología aLa biblioteca tiene: v.1-7 aContenido: v.1 Precursores. -- v.2 Marxismo y anarquismo. -- v.3-4 La segunda internacional. -- v.5-6 Comunismo y socialdemocracia. -- v.7 Socialismo y fascismo14aFascismo.14aMarxismo.14aSocialismo.0 aSección de obras de sociología